000 00315nam a22001337a 4500
008 170822b xxu||||| |||| 00| 0 eng d
020 _a9780521317146
041 _aeng
080 _a51
100 _a38
101 _aMAT
245 _aALGEBRAIC TOPLOGY DIFFERENTIAL GEOMETRY
_cKAROUBI.M
942 _2udc
_cBK
999 _c24539
_d24539